000 00342nam a22001457a 4500
008 221114b ||||| |||| 00| 0 eng d
020 _a9789951592093
041 _aeng
080 _a72
082 _a72 SEJ
100 _a19.1
101 _aARK
245 _aAPLIKIMI I AUTOCAD 2020 NE PROJEKTIMIN E MOBILEVE
_cSEJDIU RR
942 _2udc
_cBK
999 _c58887
_d58887